|
|
|
|
| LEADER |
01455nam a2200409 a 4500 |
| 001 |
nkc20071724856 |
| 003 |
CZ PrNK |
| 005 |
20160721100024.0 |
| 007 |
ta |
| 008 |
070626s2007 xr g 010 f cze |
| 015 |
|
|
|a cnb001724856
|
| 020 |
|
|
|a 978-80-7055-144-8
|q (Severočeská vědecká knihovna ;
|q brož.)
|z 978-80-7055-14
|
| 035 |
|
|
|a (OCoLC)187296955
|
| 040 |
|
|
|a ABA001
|b cze
|
| 043 |
|
|
|a e-cs---
|
| 045 |
|
|
|a x4x5
|
| 072 |
|
7 |
|a 821.162.3-3
|x Česká próza
|2 Konspekt
|9 25
|
| 080 |
|
|
|a 821.162.3-3
|2 MRF
|
| 080 |
|
|
|a 323
|2 MRF
|
| 080 |
|
|
|a (437)
|2 MRF
|
| 080 |
|
|
|a (0:82-3)
|2 MRF
|
| 100 |
1 |
|
|a Herman, Arnošt,
|d 1932-2020
|7 jk01040836
|4 aut
|
| 245 |
1 |
0 |
|a Dlouhé dny čekání /
|c Arnošt Herman
|
| 260 |
|
|
|a V Ústí nad Labem :
|b Severočeská vědecká knihovna v Ústí nad Labem spolu se Severočeským klubem spisovatelů,
|c c2007
|
| 300 |
|
|
|a 97 s. ;
|c 21 cm
|
| 500 |
|
|
|a Vydáno u příležitosti 75. narozenin autora
|
| 648 |
|
4 |
|a 1945-1951
|
| 651 |
|
7 |
|a Československo
|7 ge131689
|x společnost a politika
|y 1945-1968
|2 czenas
|
| 651 |
|
9 |
|a Czechoslovakia
|x society and politics
|y 1945-1968
|2 eczenas
|
| 655 |
|
7 |
|a české prózy
|7 fd133972
|2 czenas
|
| 655 |
|
9 |
|a Czech prose
|2 eczenas
|
| 910 |
2 |
|
|a BOA001
|b 2-1191.946
|
| 928 |
9 |
|
|a Severočeský klub spisovatelů
|
| 990 |
|
|
|a BK
|
| 995 |
|
|
|a 01
|
| 991 |
|
|
|b 200709
|
| 996 |
6 |
|
|b 2610319936
|c 2-1191.946
|l MZK
|r Sklad / do 1 hodiny
|n 0
|p p.v.
|w 000866083
|u 000010
|a 1
|e BOA001
|j MZK50
|s P
|